Twenty-one bird species new or little known from the Republic of Colombia. (Registro nro. 12403)

Detalles MARC
000 -CABECERA
Campo de control 007980000a22002410004500
090 ## - CLASIFICACIÓN LOCAL
Colección AR
Consecutivo 03352
041 0# - IDIOMA
Código de idioma para texto/pista de sonido o título separado
100 1# - ASIENTO PRINCIPAL--NOMBRE PERSONAL
Nombre personal Fitzpatrick, J. W.
245 10 - MENCION DE TITULO
Título Twenty-one bird species new or little known from the Republic of Colombia.
500 ## - NOTA GENERAL
Nota general <Colección Aves>
650 14 - ASIENTO SECUNDARIO DE MATERIA - TERMINO TEMATICO
Término temático o nombre geográfico como elemento de entrada Ornitología
650 14 - ASIENTO SECUNDARIO DE MATERIA - TERMINO TEMATICO
Término temático o nombre geográfico como elemento de entrada Aves
650 14 - ASIENTO SECUNDARIO DE MATERIA - TERMINO TEMATICO
Término temático o nombre geográfico como elemento de entrada Nuevas especies
650 14 - ASIENTO SECUNDARIO DE MATERIA - TERMINO TEMATICO
Término temático o nombre geográfico como elemento de entrada Bosques húmedos tropicales
650 14 - ASIENTO SECUNDARIO DE MATERIA - TERMINO TEMATICO
Término temático o nombre geográfico como elemento de entrada Taxonomía animal
650 14 - ASIENTO SECUNDARIO DE MATERIA - TERMINO TEMATICO
Término temático o nombre geográfico como elemento de entrada Distribución geográfica
651 #4 - ASIENTO SECUNDARIO DE MATERIA - NOMBRE GEOGRAFICO
-- Nariño
-- Colombia
651 #4 - ASIENTO SECUNDARIO DE MATERIA - NOMBRE GEOGRAFICO
-- Putumayo
-- Colombia
653 ## - TERMINO DE INDIZACION - NO CONTROLADO
-- Odontophorus
-- Odontophorus melanotus
700 1# - ASIENTO SECUNDARIO - NOMBRE PERSONAL
Nombre personal Willard, David E.
773 1# - Item fuente:
Título Bulletin British Ornithological Club
Especificación de materiales 201
Descripción física 4
Paginas del Articulo 153-158
Lugar, editorial y fecha de publicación 1982
Información sobre la relación 102
942 ## - ELEMENTOS ADICIONALES (KOHA)
Tipo de ítem Artículo
Existencias
Withdrawn status Lost status Damaged status No para préstamo Colección Ubicación Permanente Ubicación actual Fecha de adquisición Datos de publicación Seriada Total Checkouts Número topográfico Inventario / Código de Barras Date last seen Ejemplar Price effective from Forma de adquisición Tipo de material
      No para Préstamo Hemeroteca Bogotá Bogotá 27/02/2015 Fuera de circulación   AR 03352 013659 25/03/2015 1 25/03/2015   Artículo